| 000 | 00934nam a2200241 i 4500 | ||
|---|---|---|---|
| 001 | 10162 | ||
| 003 | ES-MaACL | ||
| 005 | 20250920063027.0 | ||
| 007 | t| | ||
| 008 | 950314s1994 sp |||| | spa d | ||
| 020 | _a84-8160-011-3 | ||
| 100 | 1 |
_aDurán, Agustín, _d1793-1862 _946168 |
|
| 245 | 1 | 0 |
_aDiscurso sobre el influjo que ha tenido la crítica moderna en la decadencia del teatro antiguo español, y sobre el modo con que debe ser considerado para juzgar convenientemente de su mérito peculiar / _cAgustín Durán ; [edición de D.L. Shaw]. |
| 260 |
_aMálaga : _bLibrería Agora, _cD.L. 1994. |
||
| 300 |
_a117 p. ; _c19 cm. |
||
| 490 | 1 |
_aHybris ; _v8 |
|
| 504 | _aBibliografía: p. [113]-117. | ||
| 650 | 1 | 4 |
_aTeatro español- _yS.XVI-XVII- _xHistoria y crítica. _917353 |
| 700 | 1 |
_aShaw, Donald L. _9106026 |
|
| 830 | 0 |
_aHybris ; _v8 _9178647 |
|
| 852 |
_aES-MaACL _jL-17721 |
||
| 999 |
_c10162 _d10162 |
||